1527 1855 1069 1514 1558 1743 1127 1170 1843 1853 1244 1784 1485 1689 1320 1416 1738 1450 1854 1895 1730 1479 1175 1338 1879 1689 1153 1745 1910 1583 1882 1076 1271 1427 1492 1535 1960 1079 1663 1152 1608 1664 1313 1400 1842 1452 1983 1343 1056 1377 1092 1770 1927 1186 1265 1131 1180 1636 1203 1716 1018 1768 1698 1254 1881 1301 1544 1025 1919 1059 1551 1057 1987 1224 1729 1234 1108 1749 1112 1560 1634 1967 1932 1647 1202 1034 1898 1484 1785 1073 1649 1262 1310 1564 1013 1415 1985 1824 1372 BCNSPRNW ULIB Ver.6.0+V

เปลี่ยนเป็นภาษาไทย

Change to English
 แสดงรายละเอียดบรรณานุกรม
  กลับหน้าหลัก

Brief Record : Get Marc (ISO 2709) : E-mail record : QR code < ปิดหน้าต่าง
LEADER : 00000nam 2200000uu 4500
001    13399126138
003     ULIB
008    180612s2013||||th 000 0 tha d
020    ^a9780521739191
050 00 ^aPE1128^bC172^cV.7
245 10 ^aCambridge practice tests for IELTS 7
260    ^aCambridge :^bCambridge University Press,^c2013
300    ^a176 p.:^bill. ;^c25 cm.
650 00 ^aInternational English Language Testing System.
650 00 ^aEnglish language^xExaminations, questions, etc.
650 00 ^aEnglish language^xTextbooks for foreign speakers
945    ^p530^l0^i004234
999    ^aวรรณษา ชูชัยมงคล
รายการนี้ยังไม่มีแท็ก
คุณยังไม่ได้ล็อกอิน คุณสามารถมีกิจกรรมร่วมกับเว็บไซต์ได้ แต่ต้องล็อกอินก่อน ::
  ล็อกอิน

รายการสื่อสารสนเทศ

ลำดับที่ ประเภท เลขเรียก/บาร์โค้ด สถานที่ สถานะ
1. วิทยาศาสตร์การแพทย์ และสุขภาพ
หนังสือสำรอง
สถานะ=หนังสือสำรอง
PE1128 C172 V.7 ฉ.1 
  Barcode: 004234
ห้องสมุดวิทยาเขตสวรรค์ประชารักษ์
►หนังสือทั่วไป
บนชั้น

รายการใกล้เคียง
    ชื่อเรื่อง [Cambridge practice tests for IELTS 7]

    หัวเรื่อง [International English Language Testing System.]

BibComment


ยังไม่เคยถูกคอมเมนท์

คอมเมนท์ทรัพยากรรายการนี้
  คอมเมนท์: Cambridge practi..


 Copyright 2026. Bcnsprnw @Library